000 00414nam a22001577a 4500
005 20251108165040.0
008 250721s1991 xx 000 0 ara d
082 1 4 _a901.9/تيس
100 1 _aالأرض، تيسير شيخ
245 1 0 _aأرادة الحضارة /
264 1 _aدمشق :
_bدار الفاضل،
_c1991.
300 _a245ص
650 1 7 _aالحضارة
942 _2ddc
_cBK
999 _c20863
_d20863